|
|
|
|
| LEADER |
00896nab a2200229 i 4500 |
| 001 |
publ33429 |
| 005 |
20250523082157.0 |
| 008 |
250523s1986 hu o 000 hun d |
| 022 |
|
|
|a 0001-6659; 1587-1495
|
| 024 |
7 |
|
|a 1865179
|2 mtmt
|
| 040 |
|
|
|a SZTE Publicatio Repozitórium
|b hun
|
| 041 |
|
|
|a hun
|
| 100 |
1 |
|
|a Révész Piroska
|
| 245 |
1 |
3 |
|a Az Avicel PH 101R mikrokristályos cellulóz dezintegráló és szilárdságnövelő hatásának tanulmányozása [Disintegrating- and hardness-increasing effect of Avicel PH 101S]
|h [elektronikus dokumentum] /
|c Révész Piroska
|
| 260 |
|
|
|c 1986
|
| 300 |
|
|
|a 165-173
|
| 490 |
0 |
|
|a ACTA PHARMACEUTICA HUNGARICA
|v 56 No. 4
|
| 650 |
|
4 |
|a Általános orvostudomány
|
| 700 |
0 |
1 |
|a Hódi Klára
|e aut
|
| 700 |
0 |
1 |
|a Miseta Mária
|e aut
|
| 700 |
0 |
1 |
|a Selmeczi Béla
|e aut
|
| 856 |
4 |
0 |
|u http://publicatio.bibl.u-szeged.hu/33429/1/aok_klny_1086_86.pdf
|z Dokumentum-elérés
|